Statistics for Largest Trading Partners of the EU

Click here to take the quiz!

General Stats

  • This quiz has been taken 182 times
  • The average score is 21 of 25

Answer Stats

RankTrading Partner/CountryTotal Trade (Million Euro)% Correct
2China520,657
99%
1United Sates615,760
99%
9India77,368
98%
7Japan116,298
96%
4Russia209,781
96%
11Canada63,433
95%
10Brazil65,468
94%
14Mexico53,333
93%
5Turkey140,533
92%
20Australia41,190
91%
8South Korea90,209
90%
12Saudi Arabia61,754
88%
6Norway123,180
84%
3Switzerland253,132
84%
17South Africa44,798
83%
16Singapore48,588
81%
18Taiwan43,943
81%
23Thailand32,906
81%
21Vietnam38,396
80%
24Israel32,238
79%
13United Arab Emirates57,844
79%
22Malaysia36,074
78%
25Morocco30,710
78%
19Algeria43,157
72%
15Hong Kong49,603
27%

Score Distribution

Percentile by Number Answered

Percent of People with Each Score

Your Score History

You have not taken this quiz